| 000 | 00331nam a2200121Ia 4500 | ||
|---|---|---|---|
| 008 | 191201s2011 xx 000 0 und d | ||
| 100 | _aDUTTA,Sekhar Chandra | ||
| 245 | 0 | _aImproving Earthquake and Cyclone Resistance of Structures | |
| 260 |
_aN. Delhi _bTeri Press _c2011 |
||
| 300 | _a304 | ||
| 650 | _aB.Tech(CE) | ||
| 942 |
_2ddc _cBK |
||
| 999 |
_c5751 _d5751 |
||